000
00278nam a2200121Ia 4500
008
240624s9999 xx 000 0 und d
041
_a
eng
082
_a
823 O'BR
100
_a
O BRIEN TERRY
245
_a
50 GREATEST SHORT STORIES
260
_c
2015
_a
Noida
_b
Rupa
365
_c
RS
999
_c
28578
_d
28578